000 00554nam a2200169 i 4500
001 44223
003 ES-MaACL
005 20230906160959.0
007 t|
008 030320s1966 sp ||||1| spa d
245 0 0 _aCien obras maestras de la pintura /
_ccon un prefacio de Sir John Rothenstein ; [traducción Alfredo Crespo].
260 _a[Barcelona] :
_bCírculo de Lectores,
_c[1966]
300 _a214 p. :
_b100 lám. ;
_c24 cm.
700 1 _aRothenstein, John.
_999970
700 1 _aCrespo, Alfredo.
_941511
852 _aES-MaACL
_jC-31219
_bR.61679
999 _c44223
_d44223